|
|
|
|
| LEADER |
00000nam0a2200000 4500 |
| 001 |
14716 |
| 005 |
20231101204952.0 |
| 010 |
|
|
|a 5881280472
|
| 035 |
|
|
|a (RuTPU)RU\TPU\book\14814
|
| 035 |
|
|
|a BOOK00014882
|
| 090 |
|
|
|a 14716
|
| 100 |
|
|
|a 20011209d2000 m y0rusy50 ca
|
| 101 |
0 |
|
|a rus
|
| 102 |
|
|
|a RU
|
| 105 |
|
|
|a y j 000zy
|
| 200 |
1 |
|
|a Бизнес-план компании
|f Э. А. Уткин
|
| 210 |
|
|
|a Москва
|c ЭКМОС
|d 2000
|
| 215 |
|
|
|a 96 с.
|
| 606 |
1 |
|
|a Бизнес-планирование
|2 stltpush
|3 (RuTPU)RU\TPU\subj\68359
|9 83748
|
| 610 |
1 |
|
|a экономика
|
| 610 |
1 |
|
|a бизнес
|
| 610 |
1 |
|
|a предпринимательство
|
| 610 |
1 |
|
|a планирование
|
| 610 |
1 |
|
|a бизнес-план
|
| 610 |
1 |
|
|a составление
|
| 610 |
1 |
|
|a учебные пособия
|
| 686 |
|
|
|a У9(2)29-23я73
|v LBC/SL-A
|2 rubbk
|
| 700 |
|
1 |
|a Уткин
|b Э. А.
|g Эдуард Андреевич
|
| 801 |
|
0 |
|a RU
|b 63413507
|c 20011209
|g PSBO
|
| 801 |
|
2 |
|a RU
|b 63413507
|c 20220520
|g PSBO
|
| 942 |
|
|
|c BK
|